| 000 | 00955nam a2200301 i 4500 | ||
|---|---|---|---|
| 003 | EG-ScBUE | ||
| 005 | 20260421110021.0 | ||
| 008 | 160313s2008 ii a f 000 0 eng d | ||
| 020 | _a8171337198 | ||
| 040 |
_aEG-ScBUE _beng _erda _cEG-ScBUE _dEG-ScBUE |
||
| 082 | 0 | 4 |
_a572.8 _bGUP _222 |
| 100 | 1 |
_aGupta, P. K., _eauthor. _939529 |
|
| 245 | 1 | 0 |
_aMolecular biology and genetic engineering / _cP. K. Gupta. |
| 250 | _aFirst edition. | ||
| 264 | 1 |
_aMeerut : _bRastogi Publications, _c2008. |
|
| 300 |
_axxi, 590 pages : _billustrations ; _c25 cm |
||
| 336 |
_2rdacontent _atext _btxt |
||
| 337 |
_aunmediated _2rdamedia _bn |
||
| 338 |
_avolume _bnc _2rdacarrier |
||
| 500 | _aA text book for University Students. | ||
| 521 | _aFor University Students. | ||
| 650 | 7 |
_aMolecular biology. _2BUEsh _938995 |
|
| 650 | 7 |
_aGenetic engineering. _2BUEsh _938997 |
|
| 651 | _2BUEsh | ||
| 653 |
_bPPhrm _cMarch2016 |
||
| 655 | _vReading book | ||
| 942 |
_2ddc _cBB |
||
| 999 |
_c21383 _d21355 |
||